<?xml version="1.0" encoding="UTF-8"?>
<record
    xmlns:xsi="http://www.w3.org/2001/XMLSchema-instance"
    xsi:schemaLocation="http://www.loc.gov/MARC21/slim http://www.loc.gov/standards/marcxml/schema/MARC21slim.xsd"
    xmlns="http://www.loc.gov/MARC21/slim">

  <leader>00845nam a2200229Ia 4500</leader>
  <controlfield tag="001">21747</controlfield>
  <controlfield tag="005">20260407122612.0</controlfield>
  <controlfield tag="008">260320s9999||||xx |||||||||||||| ||und||</controlfield>
  <datafield tag="020" ind1=" " ind2=" ">
    <subfield code="a">9786124881572</subfield>
  </datafield>
  <datafield tag="041" ind1=" " ind2=" ">
    <subfield code="a">ESP</subfield>
  </datafield>
  <datafield tag="082" ind1=" " ind2=" ">
    <subfield code="a">614.1</subfield>
    <subfield code="b">O41</subfield>
  </datafield>
  <datafield tag="100" ind1=" " ind2=" ">
    <subfield code="a">Olarte Sotomayor, Midwar,</subfield>
    <subfield code="e">AUT</subfield>
  </datafield>
  <datafield tag="245" ind1=" " ind2="0">
    <subfield code="a">Veracidad de testimonio de la v&#xED;ctima, del imputado y del testigo :</subfield>
    <subfield code="b">detr&#xE1;s de la c&#xE1;mara de Arnold Gesell</subfield>
  </datafield>
  <datafield tag="250" ind1=" " ind2=" ">
    <subfield code="a">Primera edici&#xF3;n</subfield>
  </datafield>
  <datafield tag="260" ind1=" " ind2=" ">
    <subfield code="a">Lima :</subfield>
    <subfield code="b">CEMAR,</subfield>
    <subfield code="c">2024</subfield>
  </datafield>
  <datafield tag="300" ind1=" " ind2=" ">
    <subfield code="a">266 p&#xE1;ginas :</subfield>
    <subfield code="c">22 cm.</subfield>
  </datafield>
  <datafield tag="650" ind1=" " ind2=" ">
    <subfield code="a">TCA</subfield>
  </datafield>
  <datafield tag="653" ind1=" " ind2=" ">
    <subfield code="a">Psicolog&#xED;a forense; Interrogatorio de testigos; Verdad y mentira - Aspectos psicol&#xF3;gicos</subfield>
  </datafield>
  <datafield tag="654" ind1=" " ind2=" ">
    <subfield code="a">CCS</subfield>
  </datafield>
  <datafield tag="856" ind1=" " ind2=" ">
    <subfield code="u">https://ebookcentral-proquest-com.ucsp.lookproxy.com/lib/catolicasp/home.action</subfield>
    <subfield code="z">V&#xE9;ase adem&#xE1;s: Base de datos ProQuest Ebook Central</subfield>
  </datafield>
  <datafield tag="942" ind1=" " ind2=" ">
    <subfield code="c">LIB</subfield>
    <subfield code="d">JUS</subfield>
    <subfield code="f">MAT</subfield>
    <subfield code="2">ddc</subfield>
  </datafield>
  <datafield tag="999" ind1=" " ind2=" ">
    <subfield code="c">21747</subfield>
    <subfield code="d">21747</subfield>
  </datafield>
  <datafield tag="952" ind1=" " ind2=" ">
    <subfield code="o">614.1 O41</subfield>
    <subfield code="p">1085300</subfield>
    <subfield code="8">UCSP</subfield>
    <subfield code="t">1</subfield>
    <subfield code="7">0</subfield>
    <subfield code="5">2</subfield>
    <subfield code="b">VAB</subfield>
    <subfield code="a">VAB</subfield>
    <subfield code="c">PBA</subfield>
    <subfield code="d">2026-04-07</subfield>
    <subfield code="e">1</subfield>
    <subfield code="r">2026-04-07 12:27:01</subfield>
    <subfield code="l">0</subfield>
    <subfield code="w">2026-04-07</subfield>
    <subfield code="y">LIB</subfield>
    <subfield code="1">0</subfield>
    <subfield code="2">ddc</subfield>
    <subfield code="4">0</subfield>
    <subfield code="0">0</subfield>
  </datafield>
</record>
